| 000 | 00752nam a22002537a 4500 | ||
|---|---|---|---|
| 999 |
_c192505 _d192505 |
||
| 005 | 20220926114103.0 | ||
| 010 | _aB-745686 | ||
| 020 |
_a9788131717431 _c300.00 |
||
| 037 | _bPearson | ||
| 082 | _a658.87 | ||
| 100 | _aCoughlan, T. Anne | ||
| 245 |
_aMarketing Channels/ _cAnne T. Coughlan...[et al.] |
||
| 250 | _a7th | ||
| 260 |
_aNew Delhi _bPearson _c2011 |
||
| 270 |
_a11 Community Center, Panchsheel Park, _bNew Delhi _e110017 |
||
| 300 |
_axx,803p. _bill. _c24cm(Pb) |
||
| 500 | _aindex | ||
| 700 | _aAnderson, Erin | ||
| 700 | _aStern W. Louis | ||
| 700 | _aEl-Ansary, I. Adel | ||
| 700 | _aNatarajan, R. C. | ||
| 942 |
_2ddc _cEN _h658.87 _mCOU |
||